000 00736nam a2200253Ia 4500
003 OSt
005 20220918203016.0
006 a|||||r|||| 00| 0
007 ta
008 220917b |||||||| |||| 00| 0 eng d
024 _a105,463
037 _cTextual
040 _aARTS
_cARTS
_beng
041 _2eng
_aeng
082 _aV3.K15<-K38, M0
100 _aBrockway Fenner
_9106356
245 0 _aBritiain first socialists
_b The levellers Agitatiors and diggers of the English revolution
260 _aLondon
_bQuater Books
_c1980
300 _a168p. illus
_ccm.
500 _aBibliography p157-160
650 _aHISTORY
942 _hV3.K15<-K38, M0
_cTEXL
_2CC
999 _c228822
_d228822